Εξωτερική πολιτική και βιώσιμη ανάπτυξη : από το Ρίο στο Γιοχάνεσμπουργκ ; 10 χρόνια μετά

Αποθηκεύτηκε σε:
Λεπτομέρειες βιβλιογραφικής εγγραφής
Συγγραφή απο Οργανισμό/Αρχή: Υπουργείο Εξωτερικών
Μορφή: Βιβλίο
Γλώσσα:Greek
Δημοσίευση: Αθήνα : Λιβάνης, c2002.
Σειρά:Πολιτική (Εκδοτικός Οργανισμός Λιβάνη)
Θέματα:
Ετικέτες: Προσθήκη ετικέτας
Δεν υπάρχουν, Καταχωρήστε ετικέτα πρώτοι!

MARC

LEADER 00000cam a2200000 i 4500
001 1/74846
008 050406s2002 gr | ||| |||| ||gre||
020 |a 9601406182 
035 |l 10077536 
040 |a GR-MY-UA  |b gre  |e aacr 
041 0 |a gre 
082 7 |a 327   |2 (21) 
110 2 |a Υπουργείο Εξωτερικών. 
245 1 0 |a Εξωτερική πολιτική και βιώσιμη ανάπτυξη :   |b από το Ρίο στο Γιοχάνεσμπουργκ ; 10 χρόνια μετά /   |c Υπουργείο Εξωτερικών.  
260 |a Αθήνα :   |b Λιβάνης,   |c c2002.  
300 |a 51 σ. :   |b εικ. ;   |c 20 εκ.  
490 1 |a (Πολιτική / Εκδοτικός Οργανισμός Λιβάνη) 
650 0 0 |a Environmental policy  |x Economic aspects. 
650 0 0 |a Nature conservation  |x Political aspects. 
650 0 0 |a Sustainable development  |x Environmental aspects. 
651 0 |a Greece  |x Foreign economic relations. 
830 0 |a Πολιτική (Εκδοτικός Οργανισμός Λιβάνη) 
852 |a INST  |b RHODES  |e 20050406  |h 327 ΥΠΟ  |p 005400023592  |q 005400023592  |t BK  |y 0 
901 |a BIBL4-2005-1 
909 |a Ρ  |b 110576 
970 |a ΣΙΔΕΡΗ  |b ΝΕΚΤΑΡΙΑ  |z 2005/04/06